| 000 | 00659nam a22002657a 4500 | ||
|---|---|---|---|
| 005 | 20240717111945.0 | ||
| 008 | 210112b2000 cr ||||| |||| 00| 0 spa d | ||
| 020 | _a9968702404 | ||
| 041 | _aESP | ||
| 082 | _a582.16 Z25a | ||
| 100 | _aZamorra Villalobos, Nelson | ||
| 100 |
_aJimenez Madrigal, Quírico _97171 |
||
| 100 | _aPoveda Álvarez, Luis Jorge | ||
| 245 | _aÁrboles de Costa Rica. Vol. II | ||
| 260 | _aCosta Rica | ||
| 260 | _bINBio | ||
| 260 | _c2000 | ||
| 300 | _a350 páginas | ||
| 505 | _aIncluye ilustraciones | ||
| 650 | _aÁRBOLES | ||
| 650 | _aBIODIVERSIDAD | ||
| 650 | _aCOSTA RICA | ||
| 942 |
_cBK _2ddc |
||
| 999 |
_c12849 _d12849 |
||